[Event "BAN-chT Golden Jubilee 2021-22"]
[Site "Dhaka"]
[Date "2022.03.11"]
[Round "2.20"]
[White "Himanshu, Sharma"]
[Black "Subrota, Biswas"]
[Result "1-0"]
[WhiteElo "2391"]
[BlackElo "2202"]
[Annotator "TA"]
[PlyCount "67"]
[EventDate "2022.03.10"]
[EventType "team-tourn"]
[EventCountry "BAN"]
[SourceTitle "playchess.com"]
[Source "ChessBase"]
[SourceQuality "1"]

{[%evp 17,67,-15,-11,-12,-18,-10,-22,-19,0,-2,33,17,28,26,39,30,93,89,208,211,198,184,216,216,210,212,202,124,177,111,138,134,146,153,148,145,166,162,218,209,218,216,237,193,595,591,582,585,766,749,821,607]} 1. e4 e5 2. Nf3 Nc6 3. Bb5 a6 4. Bxc6 dxc6 5. Nc3 f6 6. d4 exd4 7. Nxd4 c5 8. Nde2 Qxd1+ 9. Nxd1 Be6 {The main line 9...Be6 scores better than 9...Bd7.} 10. h4 {[%cal Bh2h4,Bh4h5][%mdl 32] C68: Ruy Lopez: Exchange Variation, sidelines.} O-O-O 11. Bf4 Ne7 12. Ne3 {The position is equal.} Ng6 13. Bg3 {[#]} c4 $146 ({Predecessor:} 13... h5 14. Rd1 Rxd1+ 15. Kxd1 Bd6 {½-½ (15) Yandemirov,V (2399)-Voloshin,L (2449) Alushta 2011}) 14. h5 Ne5 15. Nf4 {[%cal Be2f4,Bf4d5,Bd5e7,Be7f5][%mdl 32]} Bf7 16. Nfd5 b5 (16... Re8 $11 {remains equal.}) 17. h6 $1 $16 c6 {[#]} (17... gxh6 $16 18. a4 (18. Nxf6 Nd7 $14) 18... b4) 18. hxg7 $1 $18 Bxg7 19. Ne7+ Kb7 20. N7f5 Bf8 {[#]} 21. Bh4 $1 Nd7 22. Rd1 {[%cal Oh4f6]} Bc5 (22... Bg6 $16 {was necessary.}) 23. Ke2 (23. Nd6+ $18 Bxd6 24. Rxd6) 23... Rhf8 24. Nd6+ {Pair of Knights!} Kc7 25. Nxf7 {White is much more active.} Rxf7 26. Nf5 Re8 27. f3 Bf8 (27... Ne5 $142 28. g4 Rd8 29. Rxd8 Kxd8) 28. g4 Nc5 29. Bg3+ Kb6 30. Bf2 {Nd6 is the strong threat.} a5 $2 (30... Kc7 31. Bg3+ Kb7) 31. Nd6 {White is clearly winning.} Bxd6 32. Rxd6 b4 33. Rh5 Re5 {[#]} 34. Rxf6 $3 {[%mdl 512] Weighted Error Value: White=0.05 (flawless) /Black=0.44} 1-0

[Event "BAN-chT Golden Jubilee 2021-22"]
[Site "Dhaka"]
[Date "2022.03.11"]
[Round "2.21"]
[White "Sadnan Hasan, Dihan"]
[Black "Manon, Reja Neer"]
[Result "1/2-1/2"]
[WhiteElo "2152"]
[BlackElo "2209"]
[Annotator "TA"]
[PlyCount "64"]
[EventDate "2022.03.10"]
[EventType "team-tourn"]
[EventCountry "BAN"]
[SourceTitle "playchess.com"]
[Source "ChessBase"]
[SourceQuality "1"]

{[%evp 20,64,7,0,0,0,7,0,0,0,0,-2,-2,-7,-3,-6,0,0,0,0,0,0,3,8,2,0,8,4,18,21,21,27,37,38,31,38,33,0,0,0,0,0,0,0,0,0,0]} 1. d4 Nf6 2. c4 g6 3. g3 Bg7 4. Bg2 d6 5. Nc3 O-O 6. Nf3 Nc6 7. O-O e5 8. dxe5 dxe5 9. Qxd8 Rxd8 10. Bg5 Be6 11. Nd2 {The main line 11.Nd2 scores better than 11.b3.} h6 {E62: King's Indian: Fianchetto: 6...c6 and Panno Variation (6...Nc6) without ...a6.} 12. Bxf6 Bxf6 13. Nd5 Bxd5 14. cxd5 Nb4 15. e4 c6 {[%cal Rc6d5]} 16. a3 Nc2 {[%cal Bb4c2,Bc2d4,Bd4c6,Bc6e7,Be7c8,Bc8a7][%mdl 32]} 17. Rad1 {[%cal Ba1d1,Bd1d5,Bd5b5,Bb5b6][%mdl 32]} Nd4 18. dxc6 Nxc6 {[#]} 19. Nb3 $146 ({Predecessor:} 19. Nc4 Nd4 {½-½ (19) Stella,A (2419)-Bacrot,E (2698) Civitanova Marche 2016}) 19... a5 20. Rd5 b6 21. Rc1 Ne7 22. Rb5 Rd6 23. f4 Rc8 24. Rxc8+ Nxc8 25. fxe5 Rd1+ 26. Kf2 Na7 $1 27. Rxb6 Bxe5 28. Ra6 Rb1 {aiming for ...Nb5. The position is equal.} 29. Rxa7 {[#] Threatens to win with Nd2.} Rxb2+ 30. Kf1 {[%cal Oa7a5]} Rxb3 31. Rxa5 Rb1+ 32. Ke2 Rb2+ {Weighted Error Value: White=0.03 (flawless) /Black=0.02 (flawless)} 1/2-1/2

[Event "BAN-chT Golden Jubilee 2021-22"]
[Site "Dhaka"]
[Date "2022.03.11"]
[Round "2.22"]
[White "Bharath Subramaniyam H"]
[Black "Sankalp Gupta"]
[Result "1/2-1/2"]
[WhiteElo "2508"]
[BlackElo "2536"]
[Annotator "TA"]
[PlyCount "86"]
[EventDate "2022.03.10"]
[EventType "team-tourn"]
[EventCountry "BAN"]
[SourceTitle "playchess.com"]
[Source "ChessBase"]
[SourceQuality "1"]

{[%evp 9,86,-6,0,-1,0,-9,0,0,0,-1,0,0,0,0,0,0,0,0,-19,-14,-11,-29,0,0,0,0,0,-33,0,-22,-28,-62,-54,-58,-41,-54,-50,-62,-29,-62,-53,-47,-53,-62,-63,-64,-65,-66,-64,-74,-68,-82,-64,-74,-64,-64,-62,-82,-74,-98,-107,-107,-35,-103,-20,-114,-135,-125,-121,-126,-103,-118,-103,-103,-103,-103,-103,-107,-102]} 1. d4 Nf6 2. Nf3 g6 3. Nc3 d5 4. Bf4 Bg7 5. Nb5 Na6 {[%cal Bb8a6,Ba6c7,Bc7e8,Be8d6][%mdl 32]} 6. e3 {D00: 1 d4 d5: Unusual lines.} O-O {6...0-0 scores better than 6...c6.} 7. h3 c6 8. Nc3 {The position is equal.} Nc7 9. Bd3 Nce8 10. O-O Nd6 11. a4 a5 12. Ne2 {[#]} b6 $146 ({Predecessor:} 12... Bf5 13. b3 Bxd3 14. Qxd3 Nde4 15. c4 Re8 16. Rac1 e6 17. Bh2 Nd7 18. Rfd1 Qe7 {1-0 (56) Le,Q (2709)-Sadhwani,R (2609) Kolkata 2021}) 13. c3 c5 14. b4 c4 ({Don't play} 14... cxb4 15. cxb4 axb4 16. Qb3 $14) 15. Bc2 Bb7 16. Qb1 Re8 17. Qb2 Nd7 18. Ne5 Nf8 (18... f6 $5 {[%cal Rf6e5]} 19. Nf3 e5 $15) 19. Rfb1 f6 {Hoping for ...axb4.} 20. Nf3 e5 21. Bh2 e4 22. Nd2 {aiming for bxa5.} Nc8 23. Rf1 Nd7 24. Rae1 Bf8 (24... axb4 {is interesting.} 25. cxb4 Bf8 26. Ra1 Nb8 27. b5 Nd7) 25. b5 Bd6 26. Bxd6 Nxd6 27. Nf4 f5 28. Qc1 Qe7 29. Bd1 Rf8 30. f3 Rae8 31. fxe4 fxe4 (31... Nxe4 $6 32. Nxe4 fxe4 33. Qd2 $11) 32. Bg4 Nf6 $1 33. Qd1 Qf7 34. Rf2 h5 ({But not} 34... Nxg4 $6 35. Qxg4 Nf5 36. Qg5 $11) 35. Be2 Bc8 (35... Nf5 $17 36. Nf1 Bc8) 36. Nf1 {[#]} (36. g4 $1 $15) 36... Qh7 (36... Nf5 $1 $17) 37. h4 {[#]} (37. Nh2 $1 $11) 37... Nf5 $1 $17 38. g3 Re7 {Black is better.} 39. Rh2 Nh6 40. Rg2 Qf7 41. Qc1 Bf5 42. Rd1 Qe8 43. Kf2 Qd7 {Weighted Error Value: White=0.12 (very precise) /Black=0.10 (very precise)} 1/2-1/2

[Event "BAN-chT Golden Jubilee 2021-22"]
[Site "Dhaka"]
[Date "2022.03.11"]
[Round "2.23"]
[White "Narayanan, Srinath"]
[Black "Nitish Belurkar"]
[Result "1-0"]
[WhiteElo "2553"]
[BlackElo "2447"]
[Annotator "TA"]
[PlyCount "132"]
[EventDate "2022.03.10"]
[EventType "team-tourn"]
[EventCountry "BAN"]
[SourceTitle "playchess.com"]
[Source "ChessBase"]
[SourceQuality "1"]

{[%evp 16,132,21,10,22,14,24,10,15,15,20,18,26,18,19,4,12,14,14,0,0,0,0,0,0,0,-6,0,22,23,104,104,159,123,153,158,174,154,166,93,90,90,137,110,139,145,165,166,168,154,171,148,200,169,177,135,135,141,212,212,212,212,212,212,212,212,212,212,229,229,219,167,179,179,179,174,272,272,272,272,272,272,272,272,272,212,272,212,270,268,639,212,212,212,212,212,212,212,212,212,212,212,212,212,212,212,737,658,12839,12839,12839,405,12845,12845,12845,12846,12846,12847,29999]} 1. Nf3 Nf6 2. c4 e6 3. g3 d5 4. d4 Be7 5. Bg2 O-O 6. O-O dxc4 7. Qc2 a6 8. a4 c5 9. dxc5 Bxc5 {E05: Open Catalan: 5 Nf3 Be7.} 10. Nbd2 {[%cal Bb1d2,Bd2c4,Bc4a5,Ba5b7,Bb7d6][%mdl 32]} b5 11. axb5 {Threatens to win with Ne5.} Bb7 {The position is equal.} 12. Ne1 $5 {[%mdl 4] [#] Exploring less charted territory.} Qc7 $146 ({Predecessor:} 12... Qd7 13. Nxc4 Bxg2 14. Kxg2 Qxb5 15. Nd3 Be7 16. Qa4 Nc6 17. Bf4 Qb7 18. Nd6 Bxd6 19. Bxd6 {½-½ (25) Grammatica,A (2306)-Doric,N (2341) ICCF email 2016}) 13. Nxc4 axb5 {[#]} 14. Bf4 $1 Qc8 $1 15. Bxb7 Qxb7 16. Na5 Qd5 {[#]} 17. Rd1 $1 $36 {[%mdl 2048] White is pushing.} Qh5 18. Nb7 Bb6 19. Nf3 Nbd7 20. Nd6 Bc5 21. Ne4 Be7 22. Qc6 Rac8 (22... Qf5 $1 $11) 23. Qb7 $16 {And now Nxf6+ would win. White is much more active.} e5 (23... Nc5 $142 24. Nxf6+ (24. Qxe7 Ncxe4 25. Rd4 Rfe8 $11) 24... Bxf6 25. Qxb5 g6) 24. Be3 {Hoping for Nxf6+.} (24. Qxb5 $6 Nc5 $14) 24... Nxe4 {[%cal Bf6e4,Be4d6,Bd6f5][%mdl 32]} 25. Rxd7 Nd6 26. Qd5 Nf5 27. Bb6 (27. Qxb5 $6 Nxe3 28. fxe3 Bf6 $14) (27. Qxe5 $18 Bf6 28. Qxb5) 27... Bf6 28. Bc7 (28. Nxe5 Nxg3 29. hxg3 (29. fxg3 Qxe5 30. Qxe5 Bxe5 $11) 29... Qxe5 $14) (28. Qxb5 Rb8 $11) 28... Rce8 (28... Rfe8 $142) 29. Qxb5 (29. Bxe5 $6 Bxe5 30. Nxe5 Nxg3 $1 31. hxg3 (31. fxg3 Rxe5 32. Qf3 Qg6 $15) 31... Rxe5 $11) 29... e4 {[#]} 30. Rd5 $1 {[%cal Bd7d5,Bd5f5,Bf5f3][%mdl 32]} exf3 (30... g6 31. Ne5) 31. Rxf5 Qg6 32. Rxf3 Re6 33. Rc1 $1 {Inhibits Qc2.} Rc8 (33... h5 $16 34. e3 h4) 34. Kg2 h6 35. Qb7 ({White should play} 35. e3 $18) 35... Rce8 36. e3 Qd3 (36... Qe4 $16 37. Qxe4 Rxe4) 37. b4 $1 $18 {[%cal Bb2b4,Bb4b5][%mdl 32]} Rxe3 {[#]} 38. Re1 $3 {[%mdl 512]} Qe4 39. Qxe4 ({Not} 39. Rexe3 Qxb7 40. Rxe8+ Kh7 $11) 39... R3xe4 40. Rxe4 Rxe4 {[%mdl 4096] Endgame KRB-KRB} 41. Rb3 Bd4 42. b5 Re2 43. Kf3 Rxf2+ 44. Ke4 Ba7 {[#]} 45. h3 $1 Rd2 (45... Re2+ $142 46. Kd3 Re3+ 47. Kc4 Re4+ 48. Kd5 Rd4+ 49. Kc6 Rc4+ 50. Kd7 Rd4+ 51. Kc8 f6) 46. b6 Bxb6 47. Bxb6 {KRB-KR} Rd7 48. Bd4 Kh7 49. Ra3 Re7+ 50. Kf5 {Black must now prevent Ra7.} Re1 51. Ra7 Rf1+ 52. Ke4 Kg6 $2 (52... Re1+ 53. Kf3 Rd1) 53. Ra6+ $2 (53. Ra1 Rf5 {[#]} 54. Bxg7 $1 {[%mdl 512]}) 53... f6 54. Ra7 h5 55. Bc5 Re1+ 56. Kf3 Re8 57. Rc7 Rb8 58. h4 Ra8 59. Ke4 Ra4+ 60. Kd5 {Strongly threatening Ra7.} Rg4 $2 (60... Ra8 61. Re7 Ra4) 61. Bf8 Kh6 62. Ke6 Kh7 63. Bd6 (63. Kf7 $142 Rxg3 64. Rc5) 63... Kg6 (63... Rd4 $142 64. Be7 Kg6) 64. Bf4 {White is clearly winning.} Kh7 65. Kf7 Kh8 66. Rc5 {[%cal Rc5h5]} Kh7 {Weighted Error Value: White=0.18 (very precise) /Black=0.24 (precise)} 1-0

[Event "BAN-chT Golden Jubilee 2021-22"]
[Site "Dhaka"]
[Date "2022.03.11"]
[Round "2.24"]
[White "Ikramul, Haq Siam"]
[Black "Anata, Choudhury"]
[Result "1/2-1/2"]
[WhiteElo "2075"]
[BlackElo "2170"]
[Annotator "TA"]
[PlyCount "60"]
[EventDate "2022.03.10"]
[EventType "team-tourn"]
[EventCountry "BAN"]
[SourceTitle "playchess.com"]
[Source "ChessBase"]
[SourceQuality "1"]

{[%evp 14,60,41,20,25,26,39,16,30,26,27,19,23,18,27,27,29,27,23,23,20,27,29,26,42,39,48,13,12,6,33,30,12,0,0,-7,15,0,0,5,65,61,64,33,66,0,58,0,67]} 1. d4 Nf6 2. Nf3 e6 3. Bf4 c5 4. e3 b6 5. Nbd2 Bb7 6. Bd3 cxd4 7. exd4 Be7 8. c3 d6 {A47: 1 d4 Nf6 2 Nf3 b6: Torre, London and Colle Systems.} 9. O-O O-O 10. a4 a6 11. Re1 Nbd7 12. h3 Re8 13. Bh2 Nf8 14. Nc4 Nd5 15. Ne3 {[#]} Ng6 $146 ({Predecessor:} 15... Qd7 16. Nxd5 Bxd5 17. Qe2 Qb7 18. Be4 b5 19. Bxd5 Qxd5 20. Nd2 Nd7 21. Qe4 Qxe4 22. Nxe4 {0-1 (45) Floeder,D (1880)-Cordova,E (2595) Burlingame 2018}) 16. Nxd5 Bxd5 17. Bg3 Bb7 18. Qe2 Qc8 19. h4 Nf8 20. Ng5 h6 $1 21. Nh3 Qd8 22. Qg4 Nd7 23. Nf4 {[#] And now Nh5 would win.} Nf6 24. Qe2 Bf8 25. Nh5 Nxh5 26. Qxh5 Qf6 ({Better is} 26... g6 $11 27. Qg4 h5) 27. Qg4 $14 {White is much more active.} Bc6 28. Qe2 Bb7 {[%cal Oe6e5]} 29. Qg4 Bc6 $1 30. Qe2 Bb7 $1 {Weighted Error Value: White=0.14 (very precise) /Black=0.11 (very precise)} 1/2-1/2

[Event "BAN-chT Golden Jubilee 2021-22"]
[Site "Dhaka"]
[Date "2022.03.12"]
[Round "3.1"]
[White "Manon, Reja Neer"]
[Black "Murshed, Niaz"]
[Result "1/2-1/2"]
[WhiteElo "2209"]
[BlackElo "2418"]
[Annotator "TA"]
[PlyCount "125"]
[EventDate "2022.03.10"]
[EventType "team-tourn"]
[EventCountry "BAN"]
[SourceTitle "playchess.com"]
[Source "ChessBase"]
[SourceQuality "1"]

{[%evp 19,125,-2,1,-3,-5,0,-7,-6,0,-4,-10,-6,0,0,0,0,0,-7,0,-21,-8,-58,-58,-63,-70,-65,-52,-76,-50,-56,-55,-45,-39,-87,-79,-105,-90,-94,-76,-81,-79,-79,-79,-81,-82,-90,-87,-94,-94,-94,-94,-94,-94,-94,-94,-102,-94,-102,-94,-94,-94,-102,-94,-102,-102,-102,-102,-417,-381,-316,-206,-387,-81,-81,-81,-81,-81,-81,-81,-81,-81,-81,-81,-81,-60,-81,-81,-81,-81,-81,-81,-81,-66,-81,-66,-81,-60,-67,-60,-67,-66,-81,-81,-81,-81,-81,-81,-81]} 1. e4 c5 2. Nc3 Nc6 3. g3 g6 4. Bg2 Bg7 5. d3 d6 6. Nge2 e6 7. Be3 Nd4 8. Qd2 Ne7 9. O-O O-O 10. f4 f5 11. Nd1 {B26: Closed Sicilian: 3 g3, lines with early Be3.} Rb8 12. c3 Nxe2+ 13. Qxe2 {The position is equal.} b6 14. Qc2 {[#]} Bb7 $146 ({Predecessor:} 14... Qd7 15. Nf2 {0-1 (15) Cupaban Bautista,S (2005)-Barros,R (2217) Santander 2012}) 15. Nf2 d5 16. Rad1 Qd7 17. Rfe1 Rbc8 18. Bc1 Rfe8 19. Qb1 b5 20. e5 ({White should try} 20. Bd2 $11) 20... d4 $15 21. c4 Bxg2 22. Kxg2 Rb8 23. b3 Nc6 24. Bd2 a5 {[%cal Ba7a5,Ba5a4][%mdl 32]} 25. Qc2 b4 26. h3 (26. Ra1 $15) 26... Ra8 $17 27. Bc1 a4 28. h4 Ra7 29. Nh3 Qb7 30. Kf2 Nd8 31. Ng5 {[%cal Oh4h5]} h6 32. Nf3 {[%cal Oh4h5]} Nf7 33. Re2 h5 34. Nh2 Nh6 35. Kg1 Rea8 (35... Ng4 {seems wilder.} 36. Rde1 Rea8 37. Bb2 Ne3 38. Qb1 Ra6) 36. Bb2 Bf8 (36... Ng4 {is more complex.} 37. Rde1 Ne3 38. Qb1 Ra6 39. Nf1 Ng4) 37. Rf2 Be7 38. Rdf1 Kg7 39. Qb1 Rh8 40. Rg2 Raa8 41. Qd1 Ng4 42. Nxg4 hxg4 43. Kf2 $2 {[%mdl 8192]} (43. Qc2 $17 {is a better chance.}) 43... axb3 44. axb3 Ra2 45. Kg1 $2 {[#]} (45. Qd2 {was necessary.}) 45... Qa8 $2 (45... Bxh4 $1 $19 {[%mdl 512] is more deadly.} 46. gxh4 Rxh4) 46. Rff2 Rd8 47. Rc2 Rd7 {[%cal Bd8d7,Bd7a7,Ba7a8,Ba8h8][%mdl 32]} 48. Rgf2 Rda7 49. Rg2 Qc6 50. Rgf2 Ra8 51. Rh2 R2a7 52. Rcg2 Kh6 53. Rf2 Ra6 54. Qb1 Kg7 55. Qd1 Rh8 56. Rfg2 Raa8 57. Qe2 Bd8 58. Qd1 Bc7 59. Rf2 Kh6 60. Qc2 Kh5 {Black is better.} 61. Qd1 Ra6 62. Qc2 Rha8 {[%cal Oa6a1]} 63. Rf1 {Black had all chances to win.  Weighted Error Value: White=0.21 (precise) /Black=0.17 (very precise)} 1/2-1/2

[Event "BAN-chT Golden Jubilee 2021-22"]
[Site "Dhaka"]
[Date "2022.03.12"]
[Round "3.2"]
[White "Idani, Pouya"]
[Black "Bharath Subramaniyam H"]
[Result "1-0"]
[WhiteElo "2621"]
[BlackElo "2508"]
[Annotator "TA"]
[PlyCount "106"]
[EventDate "2022.03.10"]
[EventType "team-tourn"]
[EventCountry "BAN"]
[SourceTitle "playchess.com"]
[Source "ChessBase"]
[SourceQuality "1"]

{[%evp 9,106,26,36,-26,0,0,0,0,0,0,0,-16,0,-64,-57,-64,-68,-32,-48,-58,-77,-81,-81,-85,-51,-59,-52,-61,-77,-52,57,54,76,79,107,83,287,281,483,475,1806,1555,29976,5581,1683,333,795,795,940,393,367,388,353,333,369,352,333,290,306,241,244,230,235,236,259,237,477,464,463,429,553,535,493,427,806,777,29963,29963,29956,12851,12556,3162,29968,29969,29969,29970,29971,29972,29967,29967,29978,29979,29979,29980,29980,29981,29981,29982,29976]} 1. e4 e5 2. Nf3 Nc6 3. Bb5 Nf6 4. O-O Nxe4 5. d4 Nd6 6. Ba4 {C67: Ruy Lopez: Berlin Defence: 4 0-0 Nxe4.} (6. Bxc6 $14 bxc6 7. dxe5) 6... e4 7. Ne5 Be7 8. Nc3 {Inhibits b5. The position is equal.} O-O 9. Re1 f5 10. Bb3+ Kh8 11. Re3 ({White should try} 11. Bf4 $11) 11... Nxe5 $1 $15 12. dxe5 Nf7 13. Rh3 {Strongly threatening Qh5.} Ng5 14. Bxg5 Bxg5 15. Qh5 {[%csl Gh3][%cal Rh5h7]} Bh6 16. Rd1 {[%cal Of2f4] [#]} Qe7 $146 {aiming for ...c6.} ({Predecessor:} 16... Qg5 17. Nb5 Qxh5 18. Rxh5 Bf4 19. Nxc7 Rb8 20. Nd5 Bxe5 21. Ne7 Rf6 22. Rd5 d6 23. Rd1 g6 24. Rh6 Be6 25. Bxe6 Kg7 26. Nxf5+ gxf5 27. Rxf6 Kxf6 28. Bb3 {½-½ (28) Baumbach,F-Kahlert,A corr 1949}) 17. Nd5 $1 {[%csl LRc7,LRe7]} Qxe5 {And now ...c6 would win.} 18. g4 $1 {[%cal Bg2g4,Bg4g5,Bg5h6][%mdl 32]} c6 (18... Qxb2 19. g5 Qe5 20. gxh6 $16) 19. g5 {[#]} cxd5 (19... f4 $1 $15 20. gxh6 g5) 20. Rxd5 $40 {[%mdl 128] White is up to no good.} (20. Bxd5 $2 f4 $1 21. gxh6 Rf5 $19) 20... Qe7 (20... Qxb2 $2 21. Rxf5 Rg8 22. Bxg8 $18) 21. gxh6 g6 22. Qd1 {[%mdl 1024] White has strong compensation. White is more active.} a5 $2 {[#] A mistake that costs the game.} (22... b6 $16 {was worth a try.}) 23. Bc4 $1 $18 b6 $2 (23... b5) 24. Rd6 Qe5 {[#]} (24... Rf6 $142 25. Qd5 Bb7 26. Qxb7 Qxd6) 25. Rb3 $1 Qc5 26. Bf1 {Intending Rb5 and mate.} e3 27. fxe3 $2 (27. Rxe3 {[%cal Ob2b4] b4! would kill now.} f4 28. Re7) 27... Bb7 $2 (27... Qe5 28. Qd4 (28. Rdxb6 d5 $18) 28... Qxd4 29. exd4 Ra7 30. Rdxb6 Rc7) 28. Rxd7 {White wants to mate with Rc3.} f4 29. Qd4+ (29. Rxb7 $142 {Threatening mate with Qd7.} fxe3 30. Be2 Qg5+ 31. Kh1) 29... Qxd4 30. exd4 ({Less strong is} 30. Rxd4 fxe3 31. Rxe3 (31. Rxb6 Bf3 $11) 31... Rf5 $16) 30... Be4 31. c4 ({Not} 31. Rxb6 Bxc2 32. d5 Bb1 $18) 31... Rf6 32. Re7 Bc2 33. Rb5 g5 34. Rb7 ({Resist} 34. Rxg5 $6 Rg8 35. Rxg8+ Kxg8 $18) 34... Rxh6 35. R7xb6 Rxb6 36. Rxb6 {[%mdl 4096] Endgame KRB-KRB} Re8 37. Kf2 {Prevents Re1. Threatens to win with c5.} Re4 $2 (37... Kg7 38. c5 Be4) 38. Rd6 Kg7 39. c5 Re7 40. c6 {Inhibits Rb7. Hoping for Rd7.} Bf5 {Prevents Rd7.} 41. Rd8 {d5 is the strong threat.} Kf6 (41... Rc7 $142 42. Bg2 Kf6 43. Rd6+ Kg7) 42. Rf8+ Rf7 43. Rxf7+ Kxf7 {KB-KB} 44. Ba6 Ke7 45. c7 Kd6 46. c8=Q {White mates.} Bxc8 47. Bxc8 {KB-KP} Kd5 48. Kf3 Kxd4 49. Kg4 h6 50. Kh5 f3 51. Kxh6 f2 52. Ba6 g4 53. Kg5 Kd5 {Weighted Error Value: White=0.35/Black=0.54} 1-0

[Event "BAN-chT Golden Jubilee 2021-22"]
[Site "Dhaka"]
[Date "2022.03.12"]
[Round "3.3"]
[White "Nitish Belurkar"]
[Black "Mchedlishvili, Mikheil"]
[Result "1/2-1/2"]
[WhiteElo "2447"]
[BlackElo "2587"]
[Annotator "TA"]
[PlyCount "75"]
[EventDate "2022.03.10"]
[EventType "team-tourn"]
[EventCountry "BAN"]
[SourceTitle "playchess.com"]
[Source "ChessBase"]
[SourceQuality "1"]

{[%evp 20,75,0,-31,-26,-39,108,-41,-39,-47,-40,-67,-27,-27,-20,-32,-26,-52,0,-10,3,-59,-63,-86,-82,-94,-89,-148,-122,-178,-93,-92,-82,-123,-114,-101,-90,-92,-63,-58,-89,-93,-88,-68,0,-45,0,0,0,0,0,0,0,0,0,0,0,-12]} 1. d4 Nf6 2. Nf3 g6 3. Bg5 Bg7 4. Nbd2 O-O 5. c3 d6 6. e4 c5 7. dxc5 dxc5 8. Bc4 Nc6 9. O-O Qc7 10. Re1 h6 11. Bh4 Nh5 {A48: 1 d4 Nf6 2 Nf3 g6: Torre, London and Colle Systems.} 12. Qc2 g5 {[#]} (12... a6 $15 {stays ahead.}) 13. Bg3 (13. Bxg5 $1 $16 {[%cal Oe4e5][%mdl 512] aiming for e5!} b5 (13... hxg5 14. e5) 14. Bd5) 13... Nxg3 $15 {Black is slightly better.} 14. hxg3 {[%cal Oe4e5]} g4 15. Nh2 Ne5 16. Be2 {[#]} h5 $146 ({Predecessor:} 16... Be6 17. Nhf1 Rad8 18. Ne3 h5 19. Ndc4 Nxc4 20. Bxc4 Bh6 21. Nd5 Bxd5 22. exd5 b5 23. Bxb5 Rxd5 {1-0 (70) Rozum,I (2582)-Perez Ponsa,F (2589) Chess.com INT 2016}) 17. Nc4 Bd7 18. Qd2 Rad8 (18... Nxc4 $15 19. Bxc4 Rfd8) 19. Qf4 $11 ({But not} 19. Qg5 Nxc4 20. Bxc4 b5 $15) 19... Bc6 20. Ne3 ({White should try} 20. a4 $11) 20... e6 $1 $15 21. Qg5 Bxe4 22. Qxh5 f5 23. Nc4 (23. Rad1 $142) 23... Nd3 $1 $17 24. Nd2 (24. Red1 $17) 24... Bc6 ({Black should play} 24... Nxe1 $19 25. Nxe4 Qc6 $1 26. Rxe1 Qxe4) 25. Bxd3 Rxd3 26. Nhf1 {[#]} (26. Nc4 $142) 26... Rf6 $1 27. Qg5 Rh6 28. Re3 Qd7 {Threatens to win with ...Qd5.} 29. Rxd3 Qxd3 30. Rd1 {[#]} Qc2 $1 31. Rb1 Qd3 {Inhibits Qd8+.} 32. Rd1 $1 Qd7 (32... Qb5 $1 $15 33. Rb1 Qe2) 33. Ne3 $11 {[%cal Od2f3] And now Nf3! would win. The position is equal.} Qf7 34. Ndc4 {Ne5 is the strong threat. Chess con chili.} Kh7 35. Nd6 {Pair of Knights!} Qf8 36. Ndc4 Qf7 (36... Bf6 $5 37. Qf4 Qh8 $15) 37. Nd6 Qf8 38. Ndc4 {Black had all chances to win.  Weighted Error Value: White=0.21 (precise) /Black=0.22 (precise)} 1/2-1/2